Le menuisier et la blanchisseuse. (notice n° 1654658)
[ vue normale ]
| 000 -LEADER | |
|---|---|
| fixed length control field | 01177cam a2200157 4500500 |
| 005 - DATE AND TIME OF LATEST TRANSACTION | |
| control field | 20260208005954.0 |
| 041 ## - LANGUAGE CODE | |
| Language code of text/sound track or separate title | fre |
| 042 ## - AUTHENTICATION CODE | |
| Authentication code | dc |
| 100 10 - MAIN ENTRY--PERSONAL NAME | |
| Personal name | Wolf, Nelly |
| Relator term | author |
| 245 00 - TITLE STATEMENT | |
| Title | Le menuisier et la blanchisseuse. |
| 260 ## - PUBLICATION, DISTRIBUTION, ETC. | |
| Date of publication, distribution, etc. | 2010.<br/> |
| 500 ## - GENERAL NOTE | |
| General note | 97 |
| 520 ## - SUMMARY, ETC. | |
| Summary, etc. | Dans Le Compagnon du Tour de France, de George Sand, la figure idéalisée du menuisiersert de métaphore à celle de l’écrivain. Cette identification implicite permet de projeter dansla trame romanesque les ambivalences de la posture romantique, prise entre la rhétoriqueclassique et les nouveaux protocoles d’écriture démocratique. Quarante ans plus tard, la blanchisseuse de l’ Assommoir (Zola), autre métaphore de l’écrivain, apparente l’écriture naturaliste à un travail de nettoyage. La littérature s’interroge sur sacapacité à représenter le peuple dans une société démocratique où la langue écrite est devenue le partage de tous. |
| 786 0# - DATA SOURCE ENTRY | |
| Note | Revue d'histoire littéraire de la France | 109 | 4 | 2010-01-06 | p. 899-908 | 0035-2411 |
| 856 41 - ELECTRONIC LOCATION AND ACCESS | |
| Uniform Resource Identifier | <a href="https://shs.cairn.info/revue-d-histoire-litteraire-de-la-france-2009-4-page-899?lang=fr&redirect-ssocas=7080">https://shs.cairn.info/revue-d-histoire-litteraire-de-la-france-2009-4-page-899?lang=fr&redirect-ssocas=7080</a> |
Pas d'exemplaire disponible.




Réseaux sociaux